000 01090nam0a22002531 4500
001 rc\840349
005 20100225151317.8
035 _a(NLR Aleph) 008758753
090 _a7852291
_c7852291
100 _a20041129d1984 u |0rusy50 ca
101 0 _arus
102 _aRU
105 _ay |||||||||
200 1 _aМетодическая разработка по проверке знаний студентов по общей психологии
_fМ-во просвещения РСФСР, Башк. гос. пед. ин-т. Каф. психологии
_g[Сост.: к. психол. н., доц. Сафин В.Ф. и др.]
210 _aУфа
_cПединститут
_d1984
215 _a[1], 32 с.
_d19
702 1 _aСафин
_bВ. Ф.
_gВадим Фатхиевич
_4220
712 0 2 _aБашкирский государственный педагогический институт
_cУфа
_3RU\NLR\AUTH\889932276
_4570
801 0 _aRU
_bNLR
_gpsbo
801 1 _aRU
_bELAR
_2rusmarc
801 2 _aRU
_bNLR
_c20100225
_2rusmarc
852 _aNLR
_j87-4/256
942 _cBOOK
980 _aNB